| 000 | 00526nam a2200181Ia 4500 | ||
|---|---|---|---|
| 008 | 220204s9999 xx 000 0 und d | ||
| 082 |
_a581.132:581.5 _bHAL |
||
| 245 | 0 | _aPhotosynthesis and production in a changing environment : A field and laboratory manual | |
| 260 |
_aLondon _bChapman and Hall _c1993 |
||
| 650 | _aCanopy modelling | ||
| 650 | _aGrowth analysis | ||
| 650 | _aMicroclimate | ||
| 650 | _aPlant biomass | ||
| 650 | _aRemote sensing | ||
| 650 | _aWater relations | ||
| 700 | _aHall, D O | ||
| 942 | _cBK | ||
| 999 |
_c40847 _d40847 |
||